| 000 | 00831nam a2200289Ia 4500 | ||
|---|---|---|---|
| 008 | 171025s9999 xx 000 0 und d | ||
| 020 | _a9780062039743 | ||
| 050 | _a782.42 | ||
| 050 | _bB586 2010 | ||
| 100 | _aBieber, Justin | ||
| 245 | _a100% official Justin Bieber : | ||
| 245 | _bfirst step 2 forever : my story / | ||
| 245 | _cby Justin Bieber ; photographs by Robert Caplin. | ||
| 260 | _aNew York : | ||
| 260 | _bHarper, | ||
| 260 | _c2010 | ||
| 300 | _a236 pages : | ||
| 300 | _bcolored illustrations ; | ||
| 300 | _c24cm. | ||
| 650 | _aBieber, Justin -- 1994- | ||
| 650 | _aSingers -- | ||
| 650 | _aSingers. | ||
| 650 | _xCanada -- Biography. | ||
| 700 | _aCaplin, Robert. | ||
| 700 | _aTitle : One hundred percent official Justin Bieber : first step to forever : my story. | ||
| 700 | _aTitle. | ||
| 999 |
_c344673 _d344673 |
||